000 00515nam a22001697a 4500
999 _c9027
_d9027
008 210319b ||||| |||| 00| 0 eng d
040 _aBMS College of Architecture
100 _aPrakash, R, Vishnu
245 _aInter- generational campus
300 _a52p.
500 _a1BM09AT058
502 _8B.Aarch
_NBMS College of Architecture, Visvesvaraya Technological University
_aProject report
_d2013
650 _aCampus
700 _aAjaichandran C K
_eGuide
700 _aBhagyalaxmi M
_eGuide
942 _2ddc
_cTHE